000 00264nam a2200097Ia 4500
001 1250537
005 20251031150858.0
008 251031s9999 xx 000 0 und d
245 0 _cCEMİL MERİÇ
_aB-1 BİR DÜNYANIN EŞİĞİNDE
260 _bİLETİŞİM YAYINLARI
999 _c1250537
_d1250537